| 000 | 00503 a2200169 4500 | ||
|---|---|---|---|
| 020 | _a0-8053-6054-9 | ||
| 040 | _aDLC | ||
| 100 | 1 | _aMcFadden, Fred R. | |
| 245 | 0 | 0 |
_aModern database management _cFred R. McFadden, Jeffrey A. Hoffer, Mary B. Prescott |
| 250 | _a5. ed. | ||
| 260 |
_aNew Delhi. : _bAddison-Wesley, _ccop. 1999 |
||
| 300 |
_axxvi, 622 s. : _bill. ; _c27 cm |
||
| 650 | 7 | _aDatabase management | |
| 700 | 1 | _aHoffer, Jeffrey A. | |
| 700 | 1 | _aPrescott, Mary B. | |
| 942 |
_cBK _k005.74 MCF _2ddc |
||
| 999 |
_c6549 _d6549 |
||